02028nam a2200289Ia 4500952010800000999001700108005001700125008004100142020001800183050002100201100003100222240005400253245011300307260003400420300003700454336001000491337001400501338001200515500010600527504004200633505087000675519008701545650002201632650003101654700004601685942000701731 00104070a03b03d2014-10-18l3oQP355 T46 1973p03 000252r2019-02-27s2019-02-27t1w2014-10-18yLB c94690d9469020231102151741.0121028t19732009mx ad 000 0 spa d a9789682402468 aQP355 bT46 1973 aThomson, Richard F.eautor aFoundations of Psysiological Psicologylespañol10aFundamentos de psicología fisiológicac / Richard F. Thompson ; traductor. Augusto Fernández Guardiola aMéxico b : Trillasc, 1973 a805 páginasb : illustraciones atexto asin medio avolumen areimpresión 2009 Incluye: reconocimientos (pp.729-741) Incluye: índice alfabético (pp.797-805) aIncluye: bibliografía (pp.743-796)  aIntroducción Las bases físico-químicas Técnicas de investigación Neuroanatomía básica Neuroquímica básica El potencial de membrana del nervio La transmisión sináptica:Fenómenos eléctricos El potencial de membrana del nervio La trasmisión sináptica: 1.Fenómenos eléctricos Trasmisión sináptica: II. Mediadores químicos Configuraciones de la actividad nerviosa Procesos sensoriales Funciones sensoriales y motoras de la corteza cerebral El control nervioso del movimiento: I. Mecanismos reflejos medulares El control nervioso del movimiento II. Mecanismos cerebrales El sistema reticular activados ascendente La corteza cerebral: áreas de asociación y relaciones conductuañes El hipotálamo y el sistema límbico: las bases neurales de la emoción y la motivación Las bases neuronales del aprendizaje  aEducación Mixta /bPsicología / cAprendizaje y Memoria (B06-2) /d(03 000252) 0aPSICOFISIOLOGÍA20aPSICOLOGÍA FISIOLÓGICA aFernández Guardiola, Augustoetraductor cLB